| 000 | 00449nam a2200145 a 4500 | ||
|---|---|---|---|
| 001 | 000030938 | ||
| 005 | 20200930062612.0 | ||
| 008 | 110608s2007 dr 000 0 spa d | ||
| 020 | _a9789945405897 | ||
| 040 |
_aDO-SdBNP _bspa _cBNPHU |
||
| 100 | 1 |
_aJerez Morel, José Luis _957449 |
|
| 245 | 1 | 0 |
_aHijos diciendo no a las drogas / _cJosé Luis Jerez Morel. |
| 260 |
_aSanto Domingo : _bManatí, _c2007. |
||
| 500 | _aIncluye notas al pie de las páginas | ||
| 999 |
_c30430 _d30430 |
||